| 000 | 00580 a2200193 4500 | ||
|---|---|---|---|
| 005 | 20260226112050.0 | ||
| 008 | 260226b |||||||| |||| 00| 0 eng d | ||
| 020 |
_a9789371265539 _cRs. 1295.00 |
||
| 040 | _aMAIN | ||
| 082 |
_a343.54071 _bT199C |
||
| 100 | _aTaxmann | ||
| 245 | _aConsumer protection law and practice: A comprehensive guide to consumer protection law | ||
| 260 |
_bTaxmann Publications _c2025 _aNew Delhi |
||
| 300 | _av. | ||
| 650 | _aConsumer Rights- India | ||
| 650 | _aConsumer Protection- India | ||
| 650 | _aProduct Liability- India | ||
| 942 | _cBK | ||
| 999 |
_c396362 _d396362 |
||